000 00625nam a2200229Ia 4500
003 OSt
005 20221007080530.0
006 a|||||r|||| 00| 0
007 ta
008 221006b |||||||| |||| 00| 0 hin d
024 _a10,532
037 _cReference Collections
040 _aFLL
_cFLL
_bhin
041 _2hin
_ahin
082 _aO152:Z2, N3
100 _aChaudhary Pawan Au.
245 0 _aBhart key mukhay nyaymurti
260 _aNew Delhi
_bVidhi seva India
_c1993
300 _a131p
_ccm.
942 _hO152:Z2, N3
_cREF
_2CC
999 _c1159993
_d1159993